[Event "Prague Summer op-B 3rd"]
[Site "Prague"]
[Date "2016.08.11"]
[Round "8"]
[White "Reshetov, Valery"]
[Black "Sprenar, Petr"]
[Result "0-1"]
[WhiteElo "2099"]
[BlackElo "1841"]
[PlyCount "114"]
[EventDate "2016.08.05"]
[EventType "swiss"]
[EventRounds "9"]
[EventCountry "CZE"]
[SourceTitle "CBM 173 Extra"]
[Source "ChessBase"]
[SourceDate "2016.08.29"]
[SourceVersion "1"]
[SourceVersionDate "2016.08.29"]
[SourceQuality "1"]

1. e4 c5 2. Nf3 d6 3. c3 Nf6 4. d4 Nxe4 5. d5 Nf6 6. Bg5 g6 7. Be2 Bg7 8. Na3 0-0 9. 0-0 a6 10. Nc2 b6 11. Nce1 Nbd7 12. g3 Ne4 13. Be3 f5 14. Ng2 Ne5 15. Nfe1 Nf6 16. Nf4 Qe8 17. Nf3 Nfg4 18. Bc1 Nxf3+ 19. Bxf3 Ne5 20. Bg2 Rb8 21. h4 b5 22. b3 b4 23. Bd2 Qb5 24. c4 Qa5 25. a4 Bd7 26. Ra2 Qc7 27. Bc1 Rbe8 28. Re2 Kh8 29. Ne6 Bxe6 30. dxe6 Nc6 31. Bxc6 Qxc6 32. Bb2 f4 33. Bxg7+ Kxg7 34. Ree1 Rf6 35. g4 f3 36. Kh2 Rf4 37. Kg3 Ref8 38. Qd2 Rd4 39. Qe3 Qc7 40. Rg1 d5+ 41. Kh3 dxc4 42. bxc4 Qf4 43. Qe5+ Qxe5 44. Rxe5 Rxc4 45. Rd1 Rd4 46. Rb1 Rc8 47. Rb3 Rf4 48. a5 Kf6 49. Ree3 h6 50. Kg3 g5 51. hxg5+ hxg5 52. Rb1 Rb8 53. Rh1 b3 54. Rb1 c4 55. Rb2 Rb5 56. Rb1 Re5 57. Rc3 Rxe6 0-1

[Event "Heart of Finland op 24th"]
[Site "Jyvaskyla"]
[Date "2014.07.11"]
[Round "7"]
[White "Reshetov, Valery"]
[Black "Tiitta, Sauli"]
[Result "1-0"]
[WhiteElo "2101"]
[BlackElo "2242"]
[PlyCount "61"]
[EventDate "2014.07.07"]
[EventType "swiss"]
[EventRounds "9"]
[EventCountry "FIN"]
[SourceTitle "CBM 161 Extra"]
[Source "ChessBase"]
[SourceDate "2014.08.29"]
[SourceVersion "1"]
[SourceVersionDate "2014.08.29"]
[SourceQuality "1"]

1. e4 c5 2. Nf3 g6 3. d4 cxd4 4. Qxd4 Nf6 5. e5 Nc6 6. Qc4 d5 7. exd6 Qxd6 8. Bf4 e5 9. Bg3 Be6 10. Qa4 Nd7 11. Nc3 0-0-0 12. Rd1 Qc7 13. Bc4 Bf5 14. Nd5 Nc5 15. Nxc7 Rxd1+ 16. Kxd1 Nxa4 17. Bb3 Nxb2+ 18. Kc1 e4 19. Kxb2 exf3 20. gxf3 Bg7+ 21. c3 Ne5 22. Nb5 Nd3+ 23. Ka3 Bf8+ 24. Bd6 a6 25. Bxf8 axb5 26. Bg7 Rd8 27. Bd4 b4+ 28. Ka4 Bd7+ 29. Ka5 Kc7 30. Bb6+ Kd6 31. Bxd8 1-0

[Event "Pardubice op-J"]
[Site "Pardubice"]
[Date "2013.07.14"]
[Round "3"]
[White "Lintchevski, Daniil"]
[Black "Reshetov, Valery"]
[Result "1-0"]
[WhiteElo "2529"]
[BlackElo "2107"]
[PlyCount "76"]
[EventDate "2013.07.12"]
[EventType "swiss"]
[EventRounds "9"]
[EventCountry "CZE"]
[SourceTitle "EXT 2014"]
[Source "ChessBase"]
[SourceDate "2013.11.20"]
[SourceVersion "1"]
[SourceVersionDate "2013.11.20"]
[SourceQuality "1"]

1. Nf3 Nf6 2. c4 e6 3. g3 b6 4. Bg2 Bb7 5. 0-0 c5 6. Nc3 Be7 7. d4 d6 8. d5 e5 9. Ne1 0-0 10. Nd3 Ne8 11. e4 Ba6 12. b3 Bf6 13. Be3 Nd7 14. Qd2 g6 15. Rae1 Bg7 16. Kh1 Nc7 17. a4 Qe7 18. f4 f6 19. f5 g5 20. Bf3 Rfd8 21. h4 h6 22. Re2 Nf8 23. Rh2 Bc8 24. Kg2 Bd7 25. Rfh1 Nh7 26. Nf2 Be8 27. hxg5 fxg5 28. Ng4 h5 29. Nf2 h4 30. gxh4 g4 31. Nxg4 Kh8 32. Bg5 Bf6 33. Bxf6+ Nxf6 34. Qg5 Ng8 35. Kf2 Qf8 36. h5 Rd7 37. h6 Rf7 38. h7 Ne7 1-0

[Event "Heart of Finland op 21st"]
[Site "Jyvaskyla"]
[Date "2011.07.14"]
[Round "6"]
[White "Iivonen, Markku"]
[Black "Reshetov, Valery"]
[Result "1-0"]
[WhiteElo "2005"]
[BlackElo "2121"]
[PlyCount "69"]
[EventDate "2011.07.11"]
[EventType "swiss"]
[EventRounds "9"]
[EventCountry "FIN"]
[SourceTitle "EXT 2022"]
[Source "ChessBase"]
[SourceDate "2021.10.06"]
[SourceVersion "1"]
[SourceVersionDate "2021.10.06"]
[SourceQuality "1"]

1. e4 e5 2. f4 Nc6 3. Nf3 f5 4. Nc3 fxe4 5. Nxe5 Nf6 6. d3 Qe7 7. dxe4 Nxe5 8. fxe5 Qxe5 9. Bd3 d5 10. 0-0 Bg4 11. Qe1 Bc5+ 12. Kh1 0-0 13. Bf4 Qh5 14. e5 Rae8 15. Qg3 Nd7 16. Nxd5 Nxe5 17. Bxe5 Rxe5 18. Rxf8+ Bxf8 19. Bc4 Kh8 20. Rf1 Bd6 21. Nf4 Qg5 22. h4 Qf5 23. Bd3 Qd7 24. a3 Re8 25. Qf2 Rf8 26. Qe3 Qd8 27. g3 b6 28. Kg2 Re8 29. Qd4 Bc8 30. Qd5 Qd7 31. Qh5 g6 32. Nxg6+ Kg7 33. Nf4 Kh8 34. Bxh7 Bxf4 35. Bf5+ 1-0

[Event "Chigorin Memorial 17th"]
[Site "St Petersburg"]
[Date "2009.10.19"]
[Round "4"]
[White "Reshetov, Valery"]
[Black "Kuzmin, Egor"]
[Result "1/2-1/2"]
[WhiteElo "2126"]
[BlackElo "1995"]
[PlyCount "105"]
[EventDate "2009.10.16"]
[EventType "swiss"]
[EventRounds "9"]
[EventCountry "RUS"]
[SourceTitle "CBM 132 Extra"]
[Source "ChessBase"]
[SourceDate "2009.11.03"]
[SourceVersion "1"]
[SourceVersionDate "2009.11.03"]
[SourceQuality "1"]

1. e4 c5 2. Nf3 Nc6 3. Be2 e6 4. 0-0 Nge7 5. Nc3 Ng6 6. Re1 Be7 7. Bf1 0-0 8. d3 a6 9. g3 d6 10. Bg2 Qc7 11. h4 Nge5 12. Ng5 h6 13. Nh3 Nd7 14. f4 Nd4 15. Ne2 Nxe2+ 16. Qxe2 e5 17. f5 b5 18. Be3 Bb7 19. Rf1 Qd8 20. Nf2 Kh7 21. Ng4 Nf6 22. Nxf6+ Bxf6 23. Qh5 Qe7 24. Rae1 Rad8 25. c4 Bc6 26. Bd2 Rh8 27. Bf3 Kg8 28. Bd1 Rb8 29. b3 Kf8 30. Bc2 Ke8 31. Re2 Kd7 32. Ref2 b4 33. Qd1 a5 34. Rg2 Ra8 35. Rh2 Kc7 36. Bc1 Kb6 37. Rff2 Bd7 38. Rfg2 Bc6 39. Be3 Bd7 40. Qe1 h5 41. Bd1 Kb7 42. Rb2 Kc7 43. Rhf2 a4 44. Rb1 a3 45. Qd2 Rh7 46. Bf3 Rah8 47. Rbf1 Bc6 48. Bg2 Kd7 49. Bh3 Kd8 50. Rf3 Bd7 51. Qf2 Bc6 52. Bd2 Qb7 53. Qe2 1/2-1/2

[Event "Chigorin Memorial 17th"]
[Site "St Petersburg"]
[Date "2009.10.16"]
[Round "1"]
[White "Bellaiche, Antony"]
[Black "Reshetov, Valery"]
[Result "1-0"]
[WhiteElo "2435"]
[BlackElo "2126"]
[PlyCount "47"]
[EventDate "2009.10.16"]
[EventType "swiss"]
[EventRounds "9"]
[EventCountry "RUS"]
[SourceTitle "CBM 132 Extra"]
[Source "ChessBase"]
[SourceDate "2009.11.03"]
[SourceVersion "1"]
[SourceVersionDate "2009.11.03"]
[SourceQuality "1"]

1. Nf3 Nf6 2. c4 e6 3. d4 d5 4. Nc3 Be7 5. Bf4 0-0 6. e3 Nbd7 7. c5 Ne4 8. h4 Nxc3 9. bxc3 c6 10. Bd3 f5 11. g4 fxg4 12. Ng5 Nf6 13. Qc2 h6 14. Bh7+ Kh8 15. Bg6 Ne4 16. Bxe4 dxe4 17. Qxe4 Bxg5 18. hxg5 Qd5 19. Rxh6+ gxh6 20. Be5+ Qxe5 21. Qxe5+ Kh7 22. gxh6 Rf7 23. Qe4+ Kh8 24. Qg6 1-0

[Event "St Petersburg White Nights op"]
[Site "St Petersburg"]
[Date "2006.06.24"]
[Round "2"]
[White "Reshetov, Valery"]
[Black "Gritsenko, Andrey"]
[Result "0-1"]
[WhiteElo "2164"]
[BlackElo "2341"]
[PlyCount "64"]
[EventDate "2006.06.23"]
[EventType "swiss"]
[EventRounds "9"]
[EventCountry "RUS"]
[SourceTitle "CBM 112 Extra"]
[Source "ChessBase"]
[SourceDate "2006.07.14"]
[SourceVersion "1"]
[SourceVersionDate "2006.07.14"]
[SourceQuality "1"]

1. e4 c5 2. Nf3 d6 3. c3 Nf6 4. Be2 g6 5. 0-0 Bg7 6. d3 0-0 7. h3 Nc6 8. Be3 b6 9. Qa4 Bb7 10. Kh1 e5 11. Nbd2 d5 12. Bg5 Qd6 13. Bxf6 Bxf6 14. exd5 Qxd5 15. Ne1 Qe6 16. Bf3 Bg5 17. Rd1 Rfd8 18. Nc4 Rd7 19. Ne3 Rad8 20. N1c2 Rxd3 21. Rxd3 Rxd3 22. c4 e4 23. Be2 Rd2 24. Re1 Nd4 25. Qxa7 Nxc2 26. Nxc2 e3 27. Nxe3 Bxe3 28. Qb8+ Kg7 29. fxe3 Qxh3+ 30. Qh2 Bxg2+ 31. Kg1 Qxh2+ 32. Kxh2 Bf3 0-1

[Event "Chigorin Memorial 13th"]
[Site "St Petersburg"]
[Date "2005.10.23"]
[Round "9"]
[White "Reshetov, Valery"]
[Black "Van de Oudeweetering, Arthur"]
[Result "0-1"]
[WhiteElo "2161"]
[BlackElo "2371"]
[PlyCount "78"]
[EventDate "2005.10.15"]
[EventType "swiss"]
[EventRounds "9"]
[EventCountry "RUS"]
[SourceTitle "CBM 108 Extra"]
[Source "ChessBase"]
[SourceDate "2005.11.04"]
[SourceVersion "1"]
[SourceVersionDate "2005.11.04"]
[SourceQuality "1"]

1. Nc3 Nf6 2. e4 e5 3. Nf3 Nc6 4. Bc4 Nxe4 5. Nxe4 d5 6. Bd3 dxe4 7. Bxe4 Bd6 8. d4 exd4 9. Nxd4 0-0 10. Nxc6 Qh4 11. Qe2 bxc6 12. g3 Qh3 13. Be3 Rb8 14. c3 Bg4 15. f3 Bxg3+ 16. Kd1 Bh5 17. Kc2 Be5 18. Rhg1 Qe6 19. Rg5 Bg6 20. Bxg6 hxg6 21. Bd4 Bxd4 22. Qxe6 fxe6 23. cxd4 Rxf3 24. Rg2 c5 25. Rd1 cxd4 26. Rxd4 Rb6 27. Rc4 c6 28. Rcg4 Rf6 29. Rxg6 Rxg6 30. Rxg6 Kf7 31. Rg3 e5 32. Ra3 Rb7 33. Ra6 Rc7 34. Kd3 Ke6 35. Ke4 Kd6 36. Ra5 Rb7 37. Rxe5 Rb4+ 38. Kf5 g6+ 39. Kf6 Rf4+ 0-1

[Event "Chigorin Memorial 13th"]
[Site "St Petersburg"]
[Date "2005.10.22"]
[Round "8"]
[White "Gaprindashvili, Nona1111"]
[Black "Reshetov, Valery"]
[Result "0-1"]
[WhiteElo "2043"]
[BlackElo "2161"]
[PlyCount "112"]
[EventDate "2005.10.15"]
[EventType "swiss"]
[EventRounds "9"]
[EventCountry "RUS"]
[SourceTitle "CBM 108 Extra"]
[Source "ChessBase"]
[SourceDate "2005.11.04"]
[SourceVersion "1"]
[SourceVersionDate "2005.11.04"]
[SourceQuality "1"]

1. e4 e5 2. Nf3 d6 3. d4 exd4 4. Nxd4 Nf6 5. Nc3 Be7 6. Bf4 0-0 7. Qd2 a6 8. Be2 c5 9. Nf5 Bxf5 10. exf5 d5 11. Bf3 d4 12. Ne2 Nc6 13. g4 Nd5 14. 0-0 Nxf4 15. Qxf4 Bd6 16. Qc1 Ne5 17. Kg2 Qh4 18. Ng3 Nxg4 19. Bxg4 Qxg4 20. f3 Qh4 21. Rh1 Rae8 22. Qf1 Qg5 23. Qf2 Bxg3 24. hxg3 Qxf5 25. Rhe1 Re6 26. Re2 Rfe8 27. Rae1 Rxe2 28. Rxe2 Rxe2 29. Qxe2 Qe6 30. Qd3 g6 31. b3 h5 32. Kf2 Qe3+ 33. Qxe3 dxe3+ 34. Kxe3 Kf8 35. Ke4 Ke7 36. Kd5 g5 37. Ke5 f6+ 38. Kf5 b5 39. f4 gxf4 40. Kxf4 Ke6 41. c3 b4 42. c4 a5 43. Ke4 f5+ 44. Kf3 Ke5 45. Ke3 f4+ 46. gxf4+ Kf5 47. Kf3 h4 48. Ke3 Kg4 49. f5 Kxf5 50. Kf3 Ke5 51. Kg4 Kd4 52. Kxh4 Kc3 53. Kg3 Kb2 54. Kf3 Kxa2 55. Ke3 Kxb3 56. Kd3 a4 0-1

[Event "St Petersburg Chigorin CC-ch"]
[Site "St Petersburg"]
[Date "2005.05.21"]
[Round "6"]
[White "Shapiro, Viktor"]
[Black "Reshetov, Valery"]
[Result "1/2-1/2"]
[WhiteElo "2276"]
[BlackElo "2173"]
[PlyCount "86"]
[EventDate "2005.05.16"]
[EventType "swiss"]
[EventRounds "9"]
[EventCountry "RUS"]
[SourceTitle "EXT 2006"]
[Source "ChessBase"]
[SourceDate "2005.11.24"]
[SourceVersion "1"]
[SourceVersionDate "2005.11.24"]
[SourceQuality "1"]

1. c4 e5 2. Nc3 Nf6 3. g3 Bc5 4. Bg2 0-0 5. e3 Nc6 6. Nge2 Re8 7. 0-0 Bf8 8. Rb1 d6 9. b4 Ne7 10. d4 c6 11. b5 Qc7 12. bxc6 bxc6 13. Ba3 Be6 14. d5 cxd5 15. cxd5 Bd7 16. Qd3 Reb8 17. Qa6 Nc8 18. Rfc1 Rb6 19. Rxb6 Qxb6 20. Qd3 Qa5 21. Ne4 Bb5 22. Nxf6+ gxf6 23. Qf5 Ne7 24. Qg4+ Ng6 25. Bb4 Bxe2 26. Qxg6+ hxg6 27. Bxa5 Rb8 28. f4 Bd3 29. Bf3 Rb1 30. Rxb1 Bxb1 31. a3 e4 32. Bg2 f5 33. Bc7 Ba2 34. Bb8 a5 35. Bf1 Bxd5 36. a4 Bb3 37. Bc7 Bxa4 38. Bxa5 d5 39. Bb6 Bb3 40. Bb5 Bb4 41. Bd4 Kf8 42. Bf6 Bc4 43. Bc6 Bd2 1/2-1/2

[Event "St Petersburg Chigorin CC-ch"]
[Site "St Petersburg"]
[Date "2005.05.20"]
[Round "5"]
[White "Churkin, Vitaly"]
[Black "Reshetov, Valery"]
[Result "1/2-1/2"]
[WhiteElo "2225"]
[BlackElo "2173"]
[PlyCount "106"]
[EventDate "2005.05.16"]
[EventType "swiss"]
[EventRounds "9"]
[EventCountry "RUS"]
[SourceTitle "EXT 2006"]
[Source "ChessBase"]
[SourceDate "2005.11.24"]
[SourceVersion "1"]
[SourceVersionDate "2005.11.24"]
[SourceQuality "1"]

1. c4 e5 2. Nc3 Nf6 3. Nf3 Nc6 4. g3 Bc5 5. Bg2 0-0 6. 0-0 d6 7. d3 Bg4 8. h3 Bxf3 9. Bxf3 Qd7 10. Bg2 a6 11. a3 Ba7 12. b4 Nh5 13. e3 g6 14. Nd5 f5 15. b5 Nd8 16. bxa6 bxa6 17. Nxc7 Rc8 18. Nd5 Ne6 19. Kh2 f4 20. Rb1 fxg3+ 21. fxg3 Rxf1 22. Qxf1 Rf8 23. Qe2 Ng5 24. g4 e4 25. gxh5 exd3 26. Qg4 Qxg4 27. hxg4 Rf2 28. Bb2 Rc2 29. Bf6 Ne4 30. Rd1 Nf2 31. Rg1 d2 32. Bf3 d1Q 33. Bxd1 Nxd1+ 34. Rg2 Rxg2+ 35. Kxg2 Nxe3+ 36. Nxe3 Bxe3 37. Kf3 Bc5 38. Bb2 gxh5 39. gxh5 Kf7 40. Kf4 Ke6 41. Ke4 Bb6 42. Bc3 Bf2 43. a4 Bb6 44. Bd2 Bf2 45. Kf4 Bh4 46. Ke4 Bf6 47. Bh6 Bb2 48. Bf4 Bf6 49. Be3 Be7 50. Bd4 Bg5 51. Bh8 Bd8 52. Bg7 Be7 53. Kd4 Bd8 1/2-1/2

[Event "Chigorin Memorial 12th"]
[Site "St Petersburg"]
[Date "2004.10.22"]
[Round "7"]
[White "Turova, Irina"]
[Black "Reshetov, Valery"]
[Result "1-0"]
[WhiteElo "2401"]
[BlackElo "2112"]
[PlyCount "59"]
[EventDate "2004.10.16"]
[EventType "swiss"]
[EventRounds "9"]
[EventCountry "RUS"]
[SourceTitle "EXT 2005"]
[Source "ChessBase"]
[SourceDate "2004.11.15"]
[SourceVersion "1"]
[SourceVersionDate "2004.11.15"]
[SourceQuality "1"]

1. d4 d5 2. c4 e6 3. Nf3 Nf6 4. cxd5 exd5 5. Bg5 Be7 6. Qc2 Ne4 7. Bxe7 Qxe7 8. Nc3 Nxc3 9. bxc3 0-0 10. e3 b6 11. Bd3 h6 12. 0-0 c5 13. dxc5 Qxc5 14. Rfd1 Ba6 15. Bh7+ Kh8 16. Rxd5 Qxd5 17. Be4 Qc5 18. Bxa8 Rc8 19. Rc1 Qa3 20. Ne5 Bc4 21. Nxc4 Rxc4 22. Rd1 g6 23. Qd3 Qa4 24. Bd5 Rc7 25. Bb3 Qe8 26. Qd8 Rc8 27. Qf6+ Kh7 28. Bxf7 Qe4 29. Be6 Qa4 30. Qe7+ 1-0

[Event "Chigorin Memorial 12th"]
[Site "St Petersburg"]
[Date "2004.10.21"]
[Round "6"]
[White "Reshetov, Valery"]
[Black "Chistiakova, Tamara"]
[Result "1-0"]
[WhiteElo "2112"]
[BlackElo "2301"]
[PlyCount "69"]
[EventDate "2004.10.16"]
[EventType "swiss"]
[EventRounds "9"]
[EventCountry "RUS"]
[SourceTitle "EXT 2005"]
[Source "ChessBase"]
[SourceDate "2004.11.15"]
[SourceVersion "1"]
[SourceVersionDate "2004.11.15"]
[SourceQuality "1"]

1. e4 c5 2. Nf3 d6 3. c3 Nf6 4. Be2 Nc6 5. d4 cxd4 6. cxd4 e6 7. Nc3 Be7 8. d5 Ne5 9. Nxe5 dxe5 10. Bb5+ Bd7 11. dxe6 fxe6 12. Qb3 0-0 13. 0-0 Ng4 14. h3 Nf6 15. Be3 Bxb5 16. Qxe6+ Kh8 17. Nxb5 Qa5 18. Qxe7 Qxb5 19. a4 Qa6 20. Qxe5 Rae8 21. Qb5 Qe6 22. f3 a6 23. Qg5 h6 24. Qg6 Qb3 25. Bd4 Rd8 26. Bc3 Qb6+ 27. Kh1 Qe3 28. e5 Nd5 29. Rae1 Qf4 30. e6 Nxc3 31. e7 Nd5 32. exd8Q Rxd8 33. Re8+ Rxe8 34. Qxe8+ Kh7 35. Qe4+ 1-0

[Event "Chigorin Memorial 12th"]
[Site "St Petersburg"]
[Date "2004.10.20"]
[Round "5"]
[White "Zakurdjaeva, Irina"]
[Black "Reshetov, Valery"]
[Result "1/2-1/2"]
[WhiteElo "2303"]
[BlackElo "2112"]
[PlyCount "106"]
[EventDate "2004.10.16"]
[EventType "swiss"]
[EventRounds "9"]
[EventCountry "RUS"]
[SourceTitle "EXT 2005"]
[Source "ChessBase"]
[SourceDate "2004.11.15"]
[SourceVersion "1"]
[SourceVersionDate "2004.11.15"]
[SourceQuality "1"]

1. e4 e5 2. Nf3 d6 3. d4 exd4 4. Qxd4 c5 5. Qe3 Nc6 6. Bb5 a6 7. Bxc6+ bxc6 8. 0-0 Be7 9. c4 Nf6 10. h3 0-0 11. Rd1 Qc7 12. Nc3 Be6 13. Qe2 Rad8 14. Bf4 Qb7 15. Ng5 Bc8 16. e5 dxe5 17. Bxe5 h6 18. Nge4 Nxe4 19. Nxe4 Bf5 20. Bc3 Rde8 21. Re1 Bxe4 22. Qxe4 Bf6 23. Qxe8 Bxc3 24. Qe7 Qxb2 25. Qxc5 Bxe1 26. Rxe1 Qxa2 27. Qxc6 Qd2 28. Re3 a5 29. Qb5 Qb4 30. Qxb4 axb4 31. Rb3 Rb8 32. Kf1 Kf8 33. Ke2 Ke7 34. Kd3 Kd6 35. Kd4 Kc6 36. c5 Kb5 37. c6 Kxc6 38. Kc4 Kd6 39. Rd3+ Ke6 40. Re3+ Kf6 41. Rf3+ Kg6 42. Rg3+ Kh5 43. Kb3 g5 44. Rd3 Rb6 45. Rd4 f5 46. Rxb4 Rxb4+ 47. Kxb4 g4 48. hxg4+ Kxg4 49. Kc4 f4 50. Kd3 h5 51. Ke2 h4 52. Kf1 h3 53. gxh3+ Kxh3 1/2-1/2

[Event "Chigorin Memorial 12th"]
[Site "St Petersburg"]
[Date "2004.10.19"]
[Round "4"]
[White "Reshetov, Valery"]
[Black "Ayupov, Damir"]
[Result "1/2-1/2"]
[WhiteElo "2112"]
[BlackElo "2314"]
[PlyCount "35"]
[EventDate "2004.10.16"]
[EventType "swiss"]
[EventRounds "9"]
[EventCountry "RUS"]
[SourceTitle "EXT 2005"]
[Source "ChessBase"]
[SourceDate "2004.11.15"]
[SourceVersion "1"]
[SourceVersionDate "2004.11.15"]
[SourceQuality "1"]

1. e4 e6 2. d4 d5 3. exd5 exd5 4. c4 Nf6 5. Nc3 Be7 6. Nf3 0-0 7. Be2 Nc6 8. Ne5 dxc4 9. Nxc6 bxc6 10. Bxc4 Bg4 11. Qd3 Qd7 12. Be3 Bd6 13. 0-0 Rae8 14. Rae1 Bf3 15. Bd2 Bh5 16. h3 Bg6 17. Qf3 Bh5 18. Qd3 1/2-1/2

[Event "Chigorin Memorial 12th"]
[Site "St Petersburg"]
[Date "2004.10.16"]
[Round "1"]
[White "Danin, Alexandre"]
[Black "Reshetov, Valery"]
[Result "1/2-1/2"]
[WhiteElo "2420"]
[BlackElo "2112"]
[PlyCount "112"]
[EventDate "2004.10.16"]
[EventType "swiss"]
[EventRounds "9"]
[EventCountry "RUS"]
[SourceTitle "EXT 2005"]
[Source "ChessBase"]
[SourceDate "2004.11.15"]
[SourceVersion "1"]
[SourceVersionDate "2004.11.15"]
[SourceQuality "1"]

1. e4 e5 2. Nf3 d6 3. d4 exd4 4. Nxd4 Nf6 5. Nc3 Be7 6. Be2 c5 7. Bb5+ Bd7 8. Nf5 0-0 9. Bxd7 Qxd7 10. 0-0 Nc6 11. Bg5 Ne8 12. Qg4 Kh8 13. Nd5 Bxg5 14. Qxg5 f6 15. Qd2 Rd8 16. Rad1 Nc7 17. c3 g6 18. Nfe3 Nxd5 19. Nxd5 Ne7 20. Qf4 Nxd5 21. Rxd5 Qe6 22. Rfd1 g5 23. Qf5 Qe7 24. f3 b6 25. Qg4 Rfe8 26. Qg3 Rd7 27. Rxd6 Red8 28. Rxd7 Rxd7 29. Qe1 Qd8 30. Rxd7 Qxd7 31. Qe2 Qd6 32. g3 Kg7 33. Kf1 h5 34. Ke1 h4 35. Qd2 Qe6 36. a3 hxg3 37. hxg3 Qh3 38. Qf2 Qh1+ 39. Ke2 Qb1 40. Ke3 c4 41. Qe2 Qg1+ 42. Qf2 Qd1 43. Qe2 Qg1+ 44. Kd2 Qxg3 45. Kc2 b5 46. b3 Qc7 47. Kb2 a5 48. a4 bxa4 49. Qxc4 Qh2+ 50. Ka3 axb3 51. Kxb3 Qd2 52. Qd4 Qxd4 53. cxd4 f5 54. exf5 Kf6 55. Ka4 Kxf5 56. Kxa5 Kf4 1/2-1/2

[Event "St Petersburg White Nights op"]
[Site "St Petersburg"]
[Date "2004.??.??"]
[Round "3"]
[White "Reshetov, Valery"]
[Black "Melnikov, Dmitry"]
[Result "0-1"]
[WhiteElo "2110"]
[BlackElo "2233"]
[PlyCount "76"]
[EventDate "2004.06.??"]
[EventType "swiss"]
[EventRounds "9"]
[EventCountry "RUS"]
[SourceTitle "CBM 100 Extra"]
[Source "ChessBase"]
[SourceDate "2004.07.06"]
[SourceVersion "2"]
[SourceVersionDate "2004.07.06"]
[SourceQuality "1"]

1. e4 e5 2. Nf3 Nc6 3. Bc4 Nf6 4. d3 Bc5 5. Nc3 d6 6. Be3 Bxe3 7. fxe3 Na5 8. Bb3 Nxb3 9. axb3 0-0 10. 0-0 Ng4 11. Qe1 f6 12. h3 Nh6 13. Qh4 c6 14. Nh2 Be6 15. Rf3 d5 16. Rg3 Kh8 17. Ng4 Ng8 18. Rf3 dxe4 19. dxe4 Qe7 20. Raf1 Rfd8 21. Qe1 Rd7 22. Nh2 Rad8 23. R3f2 Qb4 24. Nf3 c5 25. Kh2 c4 26. Qa1 Rd6 27. Qa4 Qc5 28. Nd5 cxb3 29. Qxb3 Bxd5 30. exd5 Qxd5 31. Qa4 Qc5 32. Qe4 Qc6 33. Qg4 Qd7 34. Qg3 Qa4 35. Nh4 Ne7 36. Nf3 Nf5 37. Qg4 Qxg4 38. hxg4 Nxe3 0-1

[Event "St Petersburg White Nights op"]
[Site "St Petersburg"]
[Date "2004.??.??"]
[Round "8"]
[White "Reshetov, Valery"]
[Black "Volkova, Svetlana"]
[Result "1-0"]
[WhiteElo "2110"]
[BlackElo "2006"]
[PlyCount "119"]
[EventDate "2004.06.??"]
[EventType "swiss"]
[EventRounds "9"]
[EventCountry "RUS"]
[SourceTitle "CBM 100 Extra"]
[Source "ChessBase"]
[SourceDate "2004.07.06"]
[SourceVersion "2"]
[SourceVersionDate "2004.07.06"]
[SourceQuality "1"]

1. e4 e5 2. Nf3 Nc6 3. Bc4 Be7 4. d3 Nf6 5. Nc3 d6 6. Be3 Na5 7. Qe2 Nxc4 8. dxc4 c6 9. 0-0-0 0-0 10. c5 Qc7 11. cxd6 Bxd6 12. h3 b5 13. Qd3 Be7 14. Bg5 Be6 15. Kb1 Rfd8 16. Qe3 a5 17. Bxf6 Bxf6 18. Qc5 Rab8 19. Rxd8+ Rxd8 20. Nxb5 Qd7 21. Nc3 Qc7 22. Rd1 Rxd1+ 23. Nxd1 h6 24. Ne3 g6 25. Nc4 Bxc4 26. Qxc4 Qd6 27. Qd3 Qc5 28. Qe2 Kg7 29. g4 Bd8 30. Ne1 Bh4 31. Nd3 Qd4 32. c3 Qc4 33. Kc2 Qa4+ 34. Kb1 Qb5 35. f4 exf4 36. Nxf4 Qe5 37. Qf3 Bg5 38. Ne2 c5 39. Qd3 Qh2 40. a4 Qh1+ 41. Ka2 Qh2 42. Ka3 Qf2 43. e5 Be7 44. Ka2 Qg2 45. Nf4 Qc6 46. Qc4 Bg5 47. Nd5 Bd8 48. Nf4 Bg5 49. Nd3 Be3 50. Ka3 Qb6 51. Qe4 Bg5 52. e6 fxe6 53. Ne5 Qc7 54. Qxg6+ Kf8 55. Qxe6 Bc1 56. Nd7+ Kg7 57. Qe7+ Kh8 58. Qe5+ Qxe5 59. Nxe5 Bf4 60. Ng6+ 1-0

[Event "RUS-Cup 300 years"]
[Site "St Petersburg"]
[Date "2003.10.18"]
[Round "1"]
[White "Kuzubov, Yuriy"]
[Black "Reshetov, Valery"]
[Result "1-0"]
[WhiteElo "2441"]
[BlackElo "2113"]
[PlyCount "89"]
[EventDate "2003.10.18"]
[EventType "swiss"]
[EventRounds "9"]
[EventCountry "RUS"]
[SourceTitle "EXT 2004"]
[Source "ChessBase"]
[SourceDate "2003.11.25"]
[SourceVersion "1"]
[SourceVersionDate "2003.11.25"]
[SourceQuality "1"]

1. d4 d5 2. c4 e6 3. Nf3 Nd7 4. Nc3 Ngf6 5. Bg5 Be7 6. e3 0-0 7. Qc2 a6 8. cxd5 exd5 9. Bd3 c5 10. dxc5 Nxc5 11. 0-0 Nxd3 12. Qxd3 Be6 13. Rfd1 Qa5 14. Nd4 g6 15. Nce2 Kg7 16. Nf4 Bd7 17. Nb3 Qb5 18. Qxb5 Bxb5 19. Nd4 Bc6 20. Rac1 Ng8 21. Bxe7 Nxe7 22. f3 Rac8 23. h4 Bd7 24. Kf2 Rxc1 25. Rxc1 Rc8 26. Rxc8 Bxc8 27. g4 Kf6 28. Kg3 Ke5 29. Nd3+ Kd6 30. Kf4 h6 31. Kg3 Nc6 32. Nxc6 bxc6 33. b4 a5 34. a3 axb4 35. axb4 d4 36. exd4 Kd5 37. Ne5 Be6 38. Kf4 c5 39. dxc5 g5+ 40. hxg5 hxg5+ 41. Kxg5 Kxe5 42. f4+ Ke4 43. f5 Bd5 44. Kf6 Kf4 45. g5 1-0

[Event "St Petersburg op"]
[Site "St Petersburg"]
[Date "2003.??.??"]
[Round "7"]
[White "Lychik, Robert Ivanovich"]
[Black "Reshetov, Valery"]
[Result "0-1"]
[WhiteElo "2051"]
[BlackElo "2113"]
[PlyCount "82"]
[EventDate "2003.??.??"]
[EventType "swiss"]
[EventRounds "9"]
[EventCountry "RUS"]
[SourceTitle "EXT 2005"]
[Source "ChessBase"]
[SourceDate "2004.11.15"]
[SourceVersion "1"]
[SourceVersionDate "2004.11.15"]
[SourceQuality "1"]

1. e4 e5 2. Bc4 Nf6 3. Nc3 Bc5 4. Nf3 d6 5. d4 exd4 6. Nxd4 0-0 7. 0-0 Bg4 8. Qd3 Nbd7 9. Nf3 Bxf3 10. Qxf3 Ne5 11. Qe2 Nxc4 12. Qxc4 Ng4 13. Bf4 Re8 14. b4 Bxf2+ 15. Rxf2 Nxf2 16. Kxf2 Qf6 17. Ke3 d5 18. Qd4 Qg6 19. Nxd5 c6 20. Nc3 Rad8 21. Qc4 b5 22. Qf1 Qf6 23. Ne2 Qe7 24. Ng3 Qxb4 25. Rd1 Qc5+ 26. Kf3 Qxc2 27. Rxd8 Rxd8 28. Qe2 Rd3+ 29. Be3 Qxe2+ 30. Nxe2 Ra3 31. Nc1 c5 32. Ke2 c4 33. Bc5 Ra4 34. a3 a5 35. Ke3 b4 36. axb4 axb4 37. Kd4 Ra1 38. Ne2 Ra2 39. Ke3 b3 40. Nc3 Rc2 41. Bd4 Rxg2 0-1